Thủ thuật Registry

Zapisane w:
Opis bibliograficzny
1. autor: Đinh Vũ Nhân
Format: Książka
Język:Undetermined
Wydane: Tp. HCM Thống kê 2002
Hasła przedmiotowe:
Etykiety: Dodaj etykietę
Nie ma etykietki, Dołącz pierwszą etykiete!
Thư viện lưu trữ: Trung tâm Học liệu Trường Đại học Cần Thơ
LEADER 00529nam a2200193Ia 4500
001 CTU_59949
008 210402s9999 xx 000 0 und d
020 |b 90000 
082 |a 005.43769 
082 |b Nh121 
100 |a Đinh Vũ Nhân 
245 0 |a Thủ thuật Registry 
245 0 |c Đinh Vũ Nhân, Lê Xuân Đồng 
260 |a Tp. HCM 
260 |b Thống kê 
260 |c 2002 
650 |a windows ( computer programs ) 
904 |i Minh 
980 |a Trung tâm Học liệu Trường Đại học Cần Thơ